World Bank atlas, 1999. (Record no. 3342)
[ view plain ]
| 000 -LEADER | |
|---|---|
| fixed length control field | 01171cem a2200373 a 4500 |
| 001 - CONTROL NUMBER | |
| control field | 5573878 |
| 003 - CONTROL NUMBER IDENTIFIER | |
| control field | OSt |
| 005 - DATE AND TIME OF LATEST TRANSACTION | |
| control field | 20240512152257.0 |
| 007 - PHYSICAL DESCRIPTION FIXED FIELD--GENERAL INFORMATION | |
| fixed length control field | ad|canzn |
| 008 - FIXED-LENGTH DATA ELEMENTS--GENERAL INFORMATION | |
| fixed length control field | 990507s1999 dcu br e 0 eng |
| 010 ## - LIBRARY OF CONGRESS CONTROL NUMBER | |
| LC control number | 99438836 |
| 020 ## - INTERNATIONAL STANDARD BOOK NUMBER | |
| International Standard Book Number | 0821343777 |
| 034 0# - CODED CARTOGRAPHIC MATHEMATICAL DATA | |
| Category of scale | a |
| 040 ## - CATALOGING SOURCE | |
| Original cataloging agency | DLC |
| Transcribing agency | DLC |
| Modifying agency | DLC |
| 041 0# - LANGUAGE CODE | |
| Language code of text/sound track or separate title | engfrespa |
| 050 00 - LIBRARY OF CONGRESS CALL NUMBER | |
| Classification number | G1046.G1 |
| Item number | W6 1999 |
| 052 ## - GEOGRAPHIC CLASSIFICATION | |
| Geographic classification area code | 3201 |
| 072 #7 - SUBJECT CATEGORY CODE | |
| Subject category code | G1 |
| Source | lcg |
| 072 #7 - SUBJECT CATEGORY CODE | |
| Subject category code | E2 |
| Source | lcg |
| 082 00 - DEWEY DECIMAL CLASSIFICATION NUMBER | |
| Classification number | 339.3/1/0223 |
| Edition number | 21 |
| 110 2# - MAIN ENTRY--CORPORATE NAME | |
| Corporate name or jurisdiction name as entry element | World Bank. |
| 245 10 - TITLE STATEMENT | |
| Title | World Bank atlas, 1999. |
| 250 ## - EDITION STATEMENT | |
| Edition statement | [31st ed.]. |
| 255 ## - CARTOGRAPHIC MATHEMATICAL DATA | |
| Statement of scale | Scale not given ; |
| Statement of projection | Robinson proj. |
| 260 ## - PUBLICATION, DISTRIBUTION, ETC. | |
| Place of publication, distribution, etc. | Washington, D.C. : |
| Name of publisher, distributor, etc. | World Bank, |
| Date of publication, distribution, etc. | c1999. |
| 300 ## - PHYSICAL DESCRIPTION | |
| Extent | 1 atlas (63 p.) : |
| Other physical details | col ill., col. maps ; |
| Dimensions | 22 x 28 cm. |
| 500 ## - GENERAL NOTE | |
| General note | Shows the fundamental development topics of people, environment, economy and states, markets, and global links. |
| 546 ## - LANGUAGE NOTE | |
| Language note | English, French, Spanish. |
| 650 #0 - SUBJECT ADDED ENTRY--TOPICAL TERM | |
| Topical term or geographic name entry element | Gross national product |
| Form subdivision | Maps. |
| 9 (RLIN) | 122592 |
| 650 #0 - SUBJECT ADDED ENTRY--TOPICAL TERM | |
| Topical term or geographic name entry element | Population |
| Form subdivision | Statistics |
| -- | Maps. |
| 9 (RLIN) | 122593 |
| 906 ## - LOCAL DATA ELEMENT F, LDF (RLIN) | |
| a | 7 |
| b | cbc |
| c | origcop |
| d | u |
| e | ncip |
| f | 19 |
| g | y-geogmaps |
| 942 ## - ADDED ENTRY ELEMENTS (KOHA) | |
| Source of classification or shelving scheme | |
| Koha item type | Book |
| Withdrawn status | Lost status | Source of classification or shelving scheme | Damaged status | Not for loan | Permanent Location | Current Location | Shelving location | Date acquired | Full call number | Barcode | Date last seen | Price effective from | Koha item type |
|---|---|---|---|---|---|---|---|---|---|---|---|---|---|
| Central Library (CL) | Central Library (CL) | General Stacks | 06/02/2016 | 339.310223 WOR | S3H-N-799 | 06/02/2016 | 06/02/2016 | Book |
